Länder anhand ihrer alten Flaggen erkennen - einfach - Statistiken

Allgemein
  • Dieses Quiz wurde 299 mal gespielt
  • Das Durchschnittsergebnis liegt bei 8 aus 12
Antwortstatistiken
Bildquiz Antwort % Korrekt
Deutschland
93%
Katar
93%
Nepal
89%
Mexiko
88%
Libanon
86%
Chile
84%
Russland
71%
China
45%
Libyen
40%
Laos
30%
Malta
19%
Myanmar
15%
Keine übereinstimmenden Quizze gefunden
Verteilung der Resultate
Anzahl Personen mit jedem Resultat
Perzentil nach korrekt beantworteten Fragen
Ihre Resultats-Entwicklung
Sie haben dieses Quiz noch nicht gespielt